<?xml version="1.0" encoding="UTF-8"?>
<record
    xmlns:xsi="http://www.w3.org/2001/XMLSchema-instance"
    xsi:schemaLocation="http://www.loc.gov/MARC21/slim http://www.loc.gov/standards/marcxml/schema/MARC21slim.xsd"
    xmlns="http://www.loc.gov/MARC21/slim">

  <leader>01079nab a2200289 uc4500</leader>
  <controlfield tag="001">762503</controlfield>
  <controlfield tag="005">20240201183628.0</controlfield>
  <controlfield tag="008">020722s2002                        spa  </controlfield>
  <datafield tag="035" ind1=" " ind2=" ">
    <subfield code="a">762503</subfield>
  </datafield>
  <datafield tag="035" ind1=" " ind2=" ">
    <subfield code="a">(OCoLC)819981424</subfield>
  </datafield>
  <datafield tag="040" ind1=" " ind2=" ">
    <subfield code="c">comduadb</subfield>
  </datafield>
  <datafield tag="041" ind1=" " ind2=" ">
    <subfield code="a">spa</subfield>
  </datafield>
  <datafield tag="100" ind1="1" ind2="0">
    <subfield code="a">Pico Lorenzo, Celsa</subfield>
    <subfield code="4">aut</subfield>
    <subfield code="e">aut</subfield>
    <subfield code="9">320414</subfield>
  </datafield>
  <datafield tag="245" ind1="1" ind2="0">
    <subfield code="a">Nuestra erratica normativa sobre extranjeria. Especial referencia a las regulaciones y al arraigo</subfield>
  </datafield>
  <datafield tag="650" ind1=" " ind2="7">
    <subfield code="a">Emigraci&#xF3;n e inmigraci&#xF3;n</subfield>
    <subfield code="2">lemb</subfield>
    <subfield code="9">9974</subfield>
  </datafield>
  <datafield tag="650" ind1=" " ind2=" ">
    <subfield code="a">Inmigrantes en Espa&#xF1;a</subfield>
    <subfield code="9">94965</subfield>
  </datafield>
  <datafield tag="650" ind1=" " ind2=" ">
    <subfield code="a">Ordenamiento jur&#xED;dico</subfield>
    <subfield code="9">43008</subfield>
  </datafield>
  <datafield tag="650" ind1=" " ind2="7">
    <subfield code="a">Tribunales constitucionales</subfield>
    <subfield code="2">lemb</subfield>
    <subfield code="9">31119</subfield>
  </datafield>
  <datafield tag="650" ind1=" " ind2=" ">
    <subfield code="a">Extranjeros en Espa&#xF1;a</subfield>
    <subfield code="9">78676</subfield>
  </datafield>
  <datafield tag="650" ind1=" " ind2=" ">
    <subfield code="a">Extranjeros - Deberes y derechos</subfield>
    <subfield code="9">11050</subfield>
  </datafield>
  <datafield tag="650" ind1=" " ind2=" ">
    <subfield code="a">Conflictos sociales - Espana</subfield>
    <subfield code="9">898</subfield>
  </datafield>
  <datafield tag="650" ind1=" " ind2=" ">
    <subfield code="a">Derecho laboral - Legislacion - Espa&#xF1;a</subfield>
    <subfield code="9">42946</subfield>
  </datafield>
  <datafield tag="650" ind1=" " ind2=" ">
    <subfield code="a">Pol&#xED;tica migratoria</subfield>
    <subfield code="9">49537</subfield>
  </datafield>
  <datafield tag="650" ind1=" " ind2=" ">
    <subfield code="a">Espa&#xF1;a</subfield>
    <subfield code="9">28211</subfield>
  </datafield>
  <datafield tag="773" ind1="0" ind2=" ">
    <subfield code="t">Jueces para la Democracia. Informaci&#xF3;n y Debate (Madrid)</subfield>
    <subfield code="g">No. 43, Mar. 2002, p. 62-71</subfield>
    <subfield code="w">120466</subfield>
    <subfield code="x">1133-0627</subfield>
    <subfield code="0">69797</subfield>
  </datafield>
  <datafield tag="942" ind1=" " ind2=" ">
    <subfield code="c">ARIMP</subfield>
  </datafield>
  <datafield tag="999" ind1=" " ind2=" ">
    <subfield code="c">253230</subfield>
    <subfield code="d">253230</subfield>
  </datafield>
</record>
